000 00717nam a2200265 a 4500
001 4698984
003 SISC
005 20160301153500.0
008 850521s1982 cau 000 0 eng
010 _a 82081482
020 _a0865470782 (alk. paper)
020 _a0865470790 (pbk.)
040 _aDLC
_cDLC
_dDLC
050 0 0 _aPS 3552.E75
_b.W45 1982
082 0 0 _aHS 811.54
_bB45 1982
100 1 _aBerry, Wendell,
_d1934-
_915715
245 1 4 _aThe wheel /
_cWendell Berry.
260 _aSan Francisco :
_bNorth Point Press,
_cc1982.
300 _a60 p. ;
_c18 cm.
562 _e1
650 _aPoetry.
_93599
906 _a7
_bcbc
_corignew
_d2
_eopcn
_f19
_gy-gencatlg
942 _2lcc
_cBK
999 _c10004
_d10004